| 000 | 00534nam a2200193Ia 4500 | ||
|---|---|---|---|
| 001 | 31561 | ||
| 003 | IN-NITTTR | ||
| 005 | 20251114233422.0 | ||
| 008 | 251113s9999||||xx |||||||||||||| ||eng|| | ||
| 040 | _beng | ||
| 040 | _cIN-NITTTR | ||
| 041 | _aeng | ||
| 082 | _a691 J181 | ||
| 100 | _aJagadish, K. S. | ||
| 245 | 0 |
_aAlternative building materials and technologies / _cJagadish, K. S., Reddy, B. V. Venkatarama, Rao, K S. Nanjunda |
|
| 700 | _a Rao, K S. Nanjunda | ||
| 700 | _a Reddy, B. V. Venkatarama | ||
| 942 |
_2ddc _cBK |
||
| 999 |
_c34191 _d34191 |
||